La arqueografía de los puentes /

Este es un estudio comparativo acerca de los puentes de Ixmiquilpan, Totolotlán y Acámbaro.

Gorde:
Xehetasun bibliografikoak
Egile nagusia: Benítez, José R. (autor)
Formatua: Liburua
Hizkuntza:gaztelania
Gaiak:
Etiketak: Etiketa erantsi
Etiketarik gabe, Izan zaitez lehena erregistro honi etiketa jartzen!

MARC

LEADER 00000nam^a2200000^a^4500
001 000136341
005 20250521000000.0
009 20260310095315.678
037 |a Acervo ITESO - Biblioteca 
041 |a ESP 
082 |a 624. 2  |b BEN 
100 |a Benítez, José R.  |e (autor) 
245 1 3 |a La arqueografía de los puentes /  |c J.R. Benítez. 
264 |a Guadalajara, México :  |b Artes Gráficas Nacionales,  |c 1946 
300 |a 54 p. 
336 |a texto  |b txt  |2 rdacontenido 
337 |a sin mediación  |b n  |2 rdamedio 
338 |a volumen  |b nc  |2 rdasoporte 
520 |a Este es un estudio comparativo acerca de los puentes de Ixmiquilpan, Totolotlán y Acámbaro. 
649 |a XX 
650 |a Puentes -  |z Ixmiquilpan, Hidalgo 
650 |a Puentes -  |z Acámbaro, Guanajuato 
650 |a Puentes -  |z Santiago Totolotlán, Jalisco 
650 |a Ingeniería Civil -  |z Ixmiquilpan, Hidalgo 
650 |a Ingeniería Civil -  |z Acámbaro, Guanajuato 
650 |a Ingeniería Civil -  |z Santiago Totolotlán, Jalisco 
650 |a Construcción -  |z Ixmiquilpan, Hidalgo 
650 |a Construcción -  |z Acámbaro, Guanajuato 
650 |a Construcción -  |z Santiago Totolotlán, Jalisco 
650 |a Ixmiquilpan, Hidalgo -  |x Historia 
650 |a Acámbaro, Guanajuato -  |x Historia 
650 |a Santiago Totolotlán, Jalisco -  |x Historia 
910 |a Fondo Salvador Reynoso Reynoso 
920 |a Impresos - Libros 
930 |a Fondos Especiales 
905 |a 112 
901 |a 0800013818  |b IT2  |c ESP  |u 20250521 
902 |a https://opac.biblio.iteso.mx/vufind/Record/000136341